000 00416nam a22001697a 4500
999 _c526494
_d526494
003 NUST
038 _awaseem
082 _a891.421
_bNIA
100 _aNiazi, Muneer
_915694
245 _aKul Klam /
_cMuneer Niazi
260 _aLahore :
_bANA Printers,
_c2002.
300 _a208 p. ;
500 _aHardcover.
880 _6100-01\r
_aمنیر نیازی
880 _6245-02\r
_aکل کلام /
942 _2ddc
_cBK